000
00440nam a2200181Ia 4500
008
090123s9999 xx 000 0 und d
082
_b
3704
100
_a
त.रा.सु.
245
_a
नागर हावू
250
_a
4
260
_c
1974
300
_a
227
600
_a
त.रा.सु.
630
_a
नागर हावू
700
_a
त.रा.सु.
730
_a
नागर हावू
942
_c
BOOK
999
_c
41783
_d
41783